Hana's suitcase / (Record no. 5821)

MARC details
000 -LEADER
fixed length control field 00902nam a22002537a 4500
001 - CONTROL NUMBER
control field 5821
003 - CONTROL NUMBER IDENTIFIER
control field FISKH
005 - DATE AND TIME OF LATEST TRANSACTION
control field 20250123111214.0
008 - FIXED-LENGTH DATA ELEMENTS--GENERAL INFORMATION
fixed length control field 250123b cb ||||| |||| 00| 0 eng d
020 ## - INTERNATIONAL STANDARD BOOK NUMBER
International Standard Book Number 9780439851237
040 ## - CATALOGING SOURCE
Original cataloging agency FISKH
Language of cataloging eng
Transcribing agency FISKH
Modifying agency FISKH
050 ## - LIBRARY OF CONGRESS CALL NUMBER
Classification number DS135.C97
082 ## - DEWEY DECIMAL CLASSIFICATION NUMBER
Classification number 940.5318092
100 ## - MAIN ENTRY--PERSONAL NAME
Personal name Levine, Karen
245 ## - TITLE STATEMENT
Title Hana's suitcase /
Statement of responsibility, etc. by Karen Levine
250 ## - EDITION STATEMENT
Edition statement First Scholastic printing , March 2006
260 ## - PUBLICATION, DISTRIBUTION, ETC.
Place of publication, distribution, etc. New York :
Name of publisher, distributor, etc. Scholastic ,
Date of publication, distribution, etc. 2002 .
300 ## - PHYSICAL DESCRIPTION
Extent 111 pages :
Other physical details illustrations ;
Dimensions 23 cm .
520 ## - SUMMARY, ETC.
Summary, etc. A biography of a Czech girl who died in the Holocaust, told in alternating chapters with an account of how the curator of a Japanese Holocaust center learned about her life after Hana's suitcase was sent to her.
650 ## - SUBJECT ADDED ENTRY--TOPICAL TERM
Topical term or geographic name entry element Holocaust
Form subdivision non-fiction
700 ## - ADDED ENTRY--PERSONAL NAME
Personal name Danison, Catherine
Relator term Traduction
942 ## - ADDED ENTRY ELEMENTS (KOHA)
Source of classification or shelving scheme Dewey Decimal Classification
Koha item type Books
Suppress in OPAC No
Holdings
Withdrawn status Lost status Source of classification or shelving scheme Damaged status Not for loan Collection Home library Current library Shelving location Date acquired Total Checkouts Full call number Barcode Date last seen Copy number Price effective from Koha item type
    Dewey Decimal Classification     Non-Fiction Footprints International School Library Network Toul Tom Poung Campus Footprints International School Library Network Toul Tom Poung Campus TTP Secondary Non-Fiction Bookshelves 01/23/2025   LEV 940.5318092 DS135.C97 FISSE01199 01/23/2025 1 01/23/2025 Books
    Dewey Decimal Classification     Non-Fiction Footprints International School Library Network Toul Tom Poung Campus Footprints International School Library Network Toul Tom Poung Campus TTP Secondary Non-Fiction Bookshelves 12/09/2025   LEV 940.5318092 DS135.C97 FIS04738 12/09/2025 2 12/09/2025 Books